Solar world Congress (Record no. 37424)
[ view plain ]
| 000 -LEADER | |
|---|---|
| fixed length control field | 00523nam a22001697a 4500 |
| 008 - FIXED-LENGTH DATA ELEMENTS--GENERAL INFORMATION | |
| fixed length control field | 230531b |||||||| |||| 00| 0 eng d |
| 040 ## - CATALOGING SOURCE | |
| Original cataloging agency | National Science Library |
| Transcribing agency | National Science Library |
| 080 ## - UNIVERSAL DECIMAL CLASSIFICATION NUMBER | |
| Universal Decimal Classification number | 621.47(082.2) |
| Item number | M4.1 |
| 245 ## - TITLE STATEMENT | |
| Title | Solar world Congress |
| 260 ## - PUBLICATION, DISTRIBUTION, ETC. | |
| Field link and sequence number | New York: |
| Place of publication, distribution, etc. | Pergamon Press, |
| Name of publisher, distributor, etc. | 1984 |
| 300 ## - PHYSICAL DESCRIPTION | |
| Extent | 732p. |
| 500 ## - GENERAL NOTE | |
| General note | Vol. 1; 732p.<br/>Vol. 2; 733-1361p.<br/>Vol. 3; 1362-2062p.<br/>Vol. 4; 2063-2797p. |
| 650 ## - SUBJECT ADDED ENTRY--TOPICAL TERM | |
| Topical term or geographic name entry element | Science |
| 653 ## - INDEX TERM--UNCONTROLLED | |
| Uncontrolled term | Research |
| 700 ## - ADDED ENTRY--PERSONAL NAME | |
| Personal name | Szokolay, S V (Ed.) |
| 942 ## - ADDED ENTRY ELEMENTS (KOHA) | |
| Source of classification or shelving scheme | Universal Decimal Classification |
| Koha item type | Books |
| Withdrawn status | Lost status | Source of classification or shelving scheme | Damaged status | Not for loan | Home library | Current library | Shelving location | Date acquired | Serial Enumeration / chronology | Total Checkouts | Full call number | Barcode | Date last seen | Price effective from | Koha item type |
|---|---|---|---|---|---|---|---|---|---|---|---|---|---|---|---|
| Universal Decimal Classification | National Science Library | National Science Library | GF/Rk-12/C-22/R-3 | 13/09/1984 | Vol. 1; 732p. | 621.47(082.2) M4.1 | 104642 | 31/05/2023 | 13/09/1984 | Books | |||||
| Universal Decimal Classification | National Science Library | National Science Library | GF/Rk-12/C-22/R-3 | 13/09/1984 | Vol. 2; 733-1361p. | 621.47(082.2) M4.2 | 104643 | 31/05/2023 | 13/09/1984 | Books | |||||
| Universal Decimal Classification | National Science Library | National Science Library | GF/Rk-12/C-22/R-3 | 13/09/1984 | Vol. 3; 1362-2062p. | 621.47(082.2) M4.3 | 104644 | 31/05/2023 | 13/09/1984 | Books | |||||
| Universal Decimal Classification | National Science Library | National Science Library | GF/Rk-12/C-22/R-3 | 13/09/1984 | Vol. 4; 2063-2797p. | 621.47(082.2) M4.4 | 104645 | 31/05/2023 | 13/09/1984 | Books |